Floating voters and the floating vote; a critical analysis of American and English election studies (Record no. 363551)

000 -LEADER
fixed length control field 00475cam a22001457a 4500
008 - FIXED-LENGTH DATA ELEMENTS--GENERAL INFORMATION
fixed length control field 180718b1961 xxu||||| |||| 00| 0 eng d
082 ## - DEWEY DECIMAL CLASSIFICATION NUMBER
Classification number F8x73 D264
100 ## - MAIN ENTRY--PERSONAL NAME
Personal name Daudt, H.
245 ## - TITLE STATEMENT
Title Floating voters and the floating vote; a critical analysis of American and English election studies
Statement of responsibility, etc. by H. Daudt
260 ## - PUBLICATION, DISTRIBUTION, ETC.
Place of publication, distribution, etc. Leiden
Name of publisher, distributor, etc. Stenfert Kroese
Date of publication, distribution, etc. 1961
300 ## - PHYSICAL DESCRIPTION
Extent 171p.
650 ## - SUBJECT ADDED ENTRY--TOPICAL TERM
Topical term or geographic name entry element Voting --Case studies
650 ## - SUBJECT ADDED ENTRY--TOPICAL TERM
Topical term or geographic name entry element Voting --Great Britain
650 ## - SUBJECT ADDED ENTRY--TOPICAL TERM
Topical term or geographic name entry element Voting --United States
Holdings
Withdrawn status Lost status Damaged status Not for loan Permanent Location Current Location Date acquired Full call number Barcode Date last seen Price effective from Koha item type
        Indian Institute of Public Administration Indian Institute of Public Administration 1994-04-02 F8x73 D264 32796 2018-07-21 2018-07-21 Book

Powered by Koha